00775nam a2200241 a 4500001001300000003000900013005001700022008004100039020002300080082001700103100002500120245007900145260004400224300001000268500003500278505001500313650001800328700002500346902000800371942000700379952013000386999001700516nice12345678IN_TiNIC20260116014717.0130219s2011 dela grp 000 0 eng  a9788180901942c75000a294.592bGHO aGhose, Sri Aurobindo aEssays on the Gitab Sanskrit Verses in Devanagari & Roman Transliteration aDelhi bBharatiya Kala Prakashan c2011 a408p  aincludes index and biblioraphy2 aAppendices aBhagavad Gita1 aGhose, Sri Aurobindo bSRS cBK 001040708StackRoom-aHMIbHMId2013-02-19g750.00l3o294.592 GHOp024044r2019-02-01s2019-01-29v750.00w2013-02-19yBK c16582d16582